00470nam a2200181Ia 450000500170000000800410001702000140005804000190007204100120009108200110010310000180011424500540013225000200018626000370020630000120024365000230025585000100027820231117102534.0131103s9999 xx 000 0 und d a345339681 aLoreto College aEnglish aFbTOL aTolkien,J.R.. 4aThe Hobbit or There and Back againcJ.R.R.Tolkien aRevised Edition aNew YorkbBallantine Booksc1933 a304 p.  aFiction in English aLCLIB